Statistics for Countries that hate Russia the most

Click here to take the quiz!

General Stats

  • This quiz has been taken 206 times
  • The average score is 12 of 15

Answer Stats

HintAnswer% Correct
11United States
99%
1Ukraine
97%
10Germany
90%
7Japan
86%
4Estonia
84%
9Finland
83%
8Latvia
83%
6Lithuania
83%
3Poland
83%
13France
79%
12Sweden
72%
14Turkey
72%
2Georgia
70%
5Afghanistan
36%
15Pakistan
34%

Score Distribution

Percentile by Number Answered

Percent of People with Each Score

Your Score History

You have not taken this quiz